000 00744nam a2200241Ia 4500
999 _c2719
_d2719
007 ta
008 230330t2017||||xxua ||gd|||||||1 ||eng||
020 _a9781981522026
_c$ 9.95
040 _aKO
_beng
041 0 _aeng
044 _axxu
082 0 4 _223
_a005.74
_bN781
100 1 _aNorman, Alan T.
245 1 0 _aBlockchain technology explained
_b: the ultimate beginner's guide about blockchain wallet, mining, bitcoin, ethereum, litecoin, zcash, monero, ripple, dash, iota and smart contracts /
_cAlan T. Norman
260 _aUSA :
_bAlan T. Norman,
_c2017
300 _a125 p.;
_c23 cm.
650 0 _aBitcoin
650 0 _aBlockchains (Databases)
650 0 _aElectronic commerce
904 _aA_BOSE
942 _cBK